| 000 | 00513nam a22001697a 4500 | ||
|---|---|---|---|
| 999 |
_c41092 _d41092 |
||
| 003 | OSt | ||
| 005 | 20210309123347.0 | ||
| 008 | 210309b ||||| |||| 00| 0 eng d | ||
| 020 | _a9789387944893 | ||
| 040 | _coclc | ||
| 082 |
_a158.1 _bSHA/5 |
||
| 100 |
_98527 _aSharma, Robin |
||
| 245 |
_aThe 5 AM Club : _bOwn Your Morning Elevate Your Life / _cRobin Sharma |
||
| 260 |
_aAhmedabad: _bJaico Publishing House, _c2019. |
||
| 300 | _a314p | ||
| 942 |
_2ddc _cBK _h158.1 _iSHA/5 _k158.1 _mSHA/5 |
||